| 000 | 00486nam a2200181Ia 4500 | ||
|---|---|---|---|
| 001 | 18981 | ||
| 005 | 20260306171710.0 | ||
| 008 | 260306s9999||||xx |||||||||||||| ||und|| | ||
| 041 | _aESP | ||
| 082 |
_a658.159 _bD75 |
||
| 100 |
_aDiez de Castro, Luis _eAUT |
||
| 245 | 0 |
_aIngeniería financiera: _bla gestión en los mercados financieros internacionales |
|
| 260 | _c1997 | ||
| 300 |
_axvii, 467 páginas : _c23 cm. |
||
| 650 | _aGEN | ||
| 654 | _aCAN | ||
| 942 |
_cLIB _dJUS _fJUS _2ddc _n |
||
| 999 |
_c18981 _d18981 |
||